| 000 | 00392nam a2200157 i 4500 | ||
|---|---|---|---|
| 001 | bg | ||
| 100 | 1 | _aDOMMERGUES, Yvon | |
| 245 | 0 |
_aEcologie microbienne du sol / _cYvon Dommergues, Francois Mangenot. |
|
| 260 |
_aParis, _c1970. |
||
| 700 | 1 | _aMANGENOT, Francois | |
| 040 | _cBPK | ||
| 041 | _apol | ||
| 080 | _a576.8:631.46 | ||
| 942 | _cKS | ||
| 008 | s pl f |000 0 pol | ||
| 999 |
_c16861 _d16861 |
||
| 856 |
_uhttp://koha.tu.koszalin.pl/cgi-bin/koha/opac-detail.pl?biblionumber=16861 _yKatalog online BPK |
||